000 00437pab a2200169 454500
008 180718b2009 xxu||||| |||| 00| 0 eng d
100 _aSonkanble Uttam J.
245 _aAdolescent's opinion about reproductive health in Sangli district of Maharashtra
260 _c2009
300 _ap.469-86.
362 _aJul-Sep
650 _aAdolescent
700 _aPaswan, Balram
773 _aMan in India
908 _aN
909 _a85073
999 _c85073
_d85073